mysqli: Table './ulib62015/stat_globaluid' is marked as crashed and should be repaired
select id from stat_globaluid where statuid='20260517200358_1098'
mysqli: Table './ulib62015/stat_globaluid' is marked as crashed and should be repaired
DELETE FROM stat_globaluid
WHERE id NOT IN (
SELECT id
FROM (
SELECT id
FROM stat_globaluid
ORDER BY id DESC
LIMIT 100
) foo
);
mysqli: Table './ulib62015/stat_globaluid' is marked as crashed and should be repaired
insert into stat_globaluid set
statuid='20260517200358_1098',
dt='1779023038',
phpself='/ULIB62015/dublinfull.php',
agent='Mozilla/5.0 AppleWebKit/537.36 (KHTML, like Gecko; compatible; ClaudeBot/1.0; +claudebot@anthropic.com)',
yea='2026',
mon='5',
dat='17',
ip='216.73.216.45'
mysqli: Table './ulib62015/stathist_viewbib_bib_type' is marked as crashed and should be repaired
insert into stathist_viewbib_bib_type set
dat='17' ,
mon='05' ,
yea='2026' ,
statuid='20260517200358_1098' ,
head='13399121018' ,
foot='marc' ,
dt='1779023038'
| LEADER : 00000nam 2200000uu 4500 |
| 008 150130s||||||||th 000 0 tha d |
| 020 ^a9741325002
|
| 050 0 ^aHM263^bว689ก 2553
|
| 100 0 ^aวิรัช ลภิรัตนกุล
|
| 245 00 ^aการประชาสัมพันธ์ (ฉบับสมบูรณ์) =^bPublic Relations/^cวิรัช ลภิรัตนกุล
|
| 250 ^aพิมพ์ครั้งที่ 12
|
| 260 ^aกรุงเทพฯ :^bสำนักพิมพ์แห่งจุฬาลงกรณ์มหาวิทยาลัย,^c2553.
|
| 300 ^a546 หน้า :^bภาพประกอบ ;^c26 ซม.
|
| 650 0 ^aการประชาสัมพันธ์
|
| 650 0 ^aการสื่อสาร
|
| 650 0 ^aโฆษณา
|
| 650 0 ^aสื่อสารมวลชน
|
| 945 ^p300^l0^i021888
|
| 945 ^p0^l0^i021889
|
| 945 ^p0^l0^i021890 |
| 999 ^aอริศรา หะยีเด
|
| คุณยังไม่ได้ล็อกอิน คุณสามารถมีกิจกรรมร่วมกับเว็บไซต์ได้ แต่ต้องล็อกอินก่อน :: |
|
|
|
| ลำดับที่ |
ประเภท |
เลขเรียก/บาร์โค้ด |
สถานที่ |
สถานะ |
| 1. |
 หนังสือ | HM263 ว689ก 2553 ฉ.1 Barcode: 021888 | หนังสือทั่วไป | บนชั้น ขอยืม |
| 2. |
 หนังสือ | HM263 ว689ก 2553 ฉ.2 Barcode: 021889 | หนังสือทั่วไป | บนชั้น ขอยืม |
| 3. |
 หนังสือ | HM263 ว689ก 2553 ฉ.3 Barcode: 021890 | หนังสือทั่วไป | ถูกยืม กำหนดส่งวันที่ 22 มิถุนายน 2569
จอง |
รายการใกล้เคียง
ผู้แต่ง [วิรัช ลภิรัตนกุล]
หัวเรื่อง [การประชาสัมพันธ์] หัวเรื่อง [การสื่อสาร] หัวเรื่อง [โฆษณา] หัวเรื่อง [สื่อสารมวลชน]
|
|
ยังไม่เคยถูกคอมเมนท์
|
| คอมเมนท์ทรัพยากรรายการนี้ |
|